| 000 | 00947cam a2200313 i 4500 | ||
|---|---|---|---|
| 999 |
_c200429027 _d46951 |
||
| 001 | 200429027 | ||
| 003 | TR-AnTOB | ||
| 005 | 20241230104323.0 | ||
| 007 | ta | ||
| 008 | 171225s20171959tu 000 p tur d | ||
| 020 | _a9789000185474 | ||
| 040 |
_cTR-AnTOB _beng _erda _dTR-AnTOB _aTR-AnTOB |
||
| 041 | 0 | _atur | |
| 050 | 0 | 0 | _aPL248 |
| 090 |
_aPL248.K265 _bS34 2017 |
||
| 100 | 1 |
_aKarakoç, Sezai, _d1933-2021 _eauthor _949121 |
|
| 245 | 1 | 0 |
_aŞahdamar - Körfez - Sesler : _bşiirler II / _cSezai Karakoç. |
| 250 |
_a12. baskı _bMayıs 2017 |
||
| 264 |
_aİstanbul : _bDiriliş Yayınları, _c2013. |
||
| 300 |
_a146 pages ; _c20 cm |
||
| 336 |
_atext _btxt _2rdacontent |
||
| 337 |
_aunmediated _bn _2rdamedia |
||
| 338 |
_avolume _bnc _2rdacarrier |
||
| 490 | 0 |
_aDiriliş Yayınları ; _v7 |
|
| 650 | 0 |
_aTurkish poetry _988558 |
|
| 650 | 7 |
_aTürk şiiri _2etuturkob _984273 |
|
| 942 |
_2lcc _cBK |
||